000 00646nam a2200265Ia 4500
005 20260121161418.0
008 008 260114s9999 xx 000 0 eng d
020 _a9780203872000
037 _aEBOOK
040 _aCRL
040 _beng
040 _cCRL
041 _2eng
041 _aeng
084 _qCRL
100 _aBritish Women's Cinema
_91044382
245 0 _aMelanie Bell; Melanie Williams
260 _bTaylor and Francis
260 _c2010
650 _aCultural Studies
_91044383
856 _uhttp://www.taylorfrancis.com/books/9780203872000
942 _cEBOOK
999 _c1610598
_d1610598